000
00210nam a2200085Ia 4500
008
120527s9999 xx 000 0 und d
100
_a
Rahr & Bangs
245
_a
Foundations of education for business
942
_c
BK
999
_c
27148
_d
27148